000 00684nam a2200229Ia 4500
003 OSt
005 20220923214318.0
006 a|||||r|||| 00| 0
007 ta
008 220922b |||||||| |||| 00| 0 hin d
024 _a168,689
037 _cTextual
040 _aARTS
_cARTS
_bhin
041 _2hin
_ahin
082 _aO152:1M86:33:9, J5;1
100 _aविन्देश्वर सिंह
245 0 _aयशोेधरा का काव्य रूप
246 _aYashoedharā kā kāvya rūpa
260 _c1955
942 _hO152:1M86:33:9, J5;1
_cTEXL
_2CC
999 _c323156
_d323156